| 000 | 01068nam a2200241Ia 4500 | ||
|---|---|---|---|
| 003 | Ost | ||
| 005 | 20260507075244.0 | ||
| 008 | 260507s9999||||xx |||||||||||||| ||und|| | ||
| 020 | _a24712499579 | ||
| 040 | _cfsecg | ||
| 041 | _aara | ||
| 082 | _a330 | ||
| 100 |
_aجمعة، احمد حلمي _eمؤلف |
||
| 245 | 0 |
_aنظرية المحاسبة المالية : _bالنموذج الدولي الجديد / _c احمد حلمي جمعة |
|
| 260 |
_aعمان: _bدار صفاء, _c2010 |
||
| 300 |
_a384 صفحة؛ _c24 سم |
||
| 504 | _aمراجع ص.377 ملاحق ص351 ،360 | ||
| 520 | _aطبيعة الاطار المفاهيمي لاعداد البيانات المالية ، طبيعة هيكل عرض البيانات المالية، طبيعة المحاسبة عن الايراد و المخصصات و المخزون ، طبيعة المحاسبة عن الاصول الملموسة و غير الملموسة. | ||
| 653 | _aالمالية | ||
| 653 | _aالمحاسبة | ||
| 653 | _aالمحاسبة المالية | ||
| 942 | _cكتاب | ||
| 999 |
_c43647 _d43647 |
||